000
00240nam a2200097Ia 4500
001
1207886
005
20250827022835.0
008
250824s9999 xx 000 0 und d
245
0
_a
KANLI TOPRAKLAR
_c
ORHAN KEMAL
260
_b
EVEREST YAYINLARI
999
_c
1207886
_d
1207886